000
00329nam a2200133Ia 4500
008
191201s2005 xx 000 0 und d
100
_a
GAYAKWAD, Ramakant
245
0
_a
Op-Amps and Linear Integrated Circuits
250
_a
4th
260
_c
2005
_b
Pearson Education
_a
N.Delhi
300
_a
559
650
_a
ECE
942
_2
ddc
_c
BB
999
_c
7172
_d
7172